| 000 | 00581nam a2200229Ia 4500 | ||
|---|---|---|---|
| 003 | OSt | ||
| 005 | 20250425171208.0 | ||
| 008 | 210423s2011 xx 000 0 und d | ||
| 020 | _a9780070700352 | ||
| 040 | _cAL | ||
| 041 | _aeng | ||
| 082 |
_a536.6 ZEMH _223 |
||
| 100 |
_aZEMANSKY (Mark W);DITTMAN (Richard H). _994261 |
||
| 245 | _aHeat and thermodynamics. | ||
| 250 | _a8 | ||
| 260 |
_aNew Delhi _bTata McGraw-hill _c2011 |
||
| 300 |
_axxv,507p _bPB |
||
| 365 |
_b375 _cINR |
||
| 650 |
_aThermodynamics _994262 |
||
| 906 | _aHeat ; thermodynamics. | ||
| 942 |
_2ddc _cBK |
||
| 999 |
_c161832 _d161832 |
||